|
|
|
|
| LEADER |
00000cas a2200000 a 4500 |
| 001 |
vtls008883903 |
| 003 |
SK-MaSNL |
| 005 |
20260425194218.0 |
| 008 |
180409c19901994xo z| par 0 0 b0slooc |
| 035 |
|
|
|a (SVKBB03)vtls000141711
|
| 040 |
|
|
|a SVKBB
|b slo
|c SVKBB
|d SNK
|e AACR2
|
| 041 |
0 |
|
|a slo
|
| 044 |
|
|
|a xo
|c SK
|
| 072 |
|
7 |
|a 32
|x Politika
|2 konspekt
|
| 080 |
|
|
|a 32(437.6)
|2 2011
|
| 080 |
|
|
|a 050
|2 2001
|
| 080 |
|
|
|a 008
|2 2011
|
| 080 |
|
|
|a 323.1
|2 2011
|
| 245 |
0 |
0 |
|a Slovač
|b mesačník pre Slovákov žijúcich doma i v zahraničí
|
| 260 |
|
|
|a Zákopčie
|b Slovač
|c 1990-1992
|
| 260 |
|
|
|3 1993-1994 $a Čadca $b Vzlet
|
| 300 |
|
|
|a zv.
|c 35 cm
|
| 310 |
|
|
|a nepravidelne
|
| 362 |
|
|
|a Roč. 1, č. 1 (1990) - roč. 5, č. 27 (1994)
|
| 500 |
|
|
|a Regisračné č. MK SR: 795/93
|
| 500 |
|
|
|a Šéfredaktor: Pavol Holeštiak
|
| 500 |
|
|
|a Podnázov sa mení
|
| 650 |
0 |
7 |
|a politika
|2 SNKPH
|9 968
|
| 650 |
0 |
7 |
|a kultúra
|2 SNKPH
|9 886
|
| 651 |
|
7 |
|a Slovensko
|2 SNKPH
|9 14231
|
| 655 |
|
7 |
|a miestne periodiká
|2 SNKPH
|9 160938
|
| 700 |
1 |
|
|a Holeštiak, Pavol,
|d 1972-,
|4 pbd
|9 190082
|
| 910 |
|
|
|a snk
|
| 910 |
|
|
|a svkbb
|
| 916 |
|
|
|a 1991-1994
|
| 958 |
|
|
|a OND
|
| 999 |
|
|
|c 7152
|d 9082
|
| 952 |
|
|
|t č. mimoriadne číslo
|a SNK
|b SNK
|y PREZ
|7 0
|p 17A1098590
|o snkČSB 5327/3/1992
|i snk2017/19738
|8 0
|z Mim. č. : Voľby 92
|f 1
|0 0
|1 0
|4 0
|d 2017-09-11
|l 0
|r 2026-02-21 21:56:15
|w 2026-02-21
|
| 952 |
|
|
|t č. 19-24
|a SNK
|b SNK
|y PREZ
|7 0
|p 17A1098591
|o snkČSB 5327/4/1993
|i snk2017/19744
|8 0
|f 1
|0 0
|1 0
|4 0
|d 2017-09-11
|l 0
|r 2026-02-21 21:56:16
|w 2026-02-21
|
| 952 |
|
|
|t č. 25-27
|a SNK
|b SNK
|y PREZ
|7 0
|p 17A1098592
|o snkČSB 5327/5/1994
|i snk2017/19749
|8 0
|f 1
|0 0
|1 0
|4 0
|d 2017-09-11
|l 0
|r 2026-02-21 21:56:16
|w 2026-02-21
|
| 952 |
|
|
|t č. 13-17, neúplné
|a SNK
|b SNK
|y PREZ
|7 0
|p 17A1264709
|o snkČSB 5327/2/1991 D1
|i snk2017/19759
|8 0
|z Č. 17 : Mimoriadne vydanie ; ; Chýba č. 13
|0 0
|1 0
|4 0
|d 2017-09-11
|l 0
|r 2026-02-21 21:56:16
|w 2026-02-21
|
| 952 |
|
|
|t č. mimoriadne číslo
|a SNK
|b SNK
|y PREZ
|7 0
|p 17A1264710
|o snkČSB 5327/3/1992 D1
|i snk2017/19763
|8 0
|z Mimoriadne č.: Voľby 92
|0 0
|1 0
|4 0
|d 2017-09-11
|l 0
|r 2026-02-21 21:56:16
|w 2026-02-21
|
| 952 |
|
|
|t č. 19-24
|a SNK
|b SNK
|y PREZ
|7 0
|p 17A1264711
|o snkČSB 5327/4/1993 D1
|i snk2017/19764
|8 0
|0 0
|1 0
|4 0
|d 2017-09-11
|l 0
|r 2026-02-21 21:56:16
|w 2026-02-21
|
| 952 |
|
|
|t č. 25-27
|a SNK
|b SNK
|y PREZ
|7 0
|p 17A1264712
|o snkČSB 5327/5/1994 D1
|i snk2017/19765
|8 0
|0 0
|1 0
|4 0
|d 2017-09-11
|l 0
|r 2026-02-21 21:56:16
|w 2026-02-21
|
| 952 |
|
|
|t č. 13-17
|a SNK
|b SNK
|y PREZ
|7 0
|p 17A1148673
|o snkČSB 5327/2/1991
|i snk2017/13155
|8 0
|z Č. 17 Mimoriadne vydanie
|f 1
|0 0
|1 0
|4 0
|d 2017-06-06
|l 0
|r 2026-02-21 22:17:51
|w 2026-02-21
|